00970am a2200337a 44500003000900000005001700009008004100026020001800067040001300085100002100098245004400119260002800163300002100191500004300212500003300255500003400288500002400322504003000346650002800376650002500404650002700429650001400456650001900470650002000489650001800509650001400527650001700541650002300558653002500581653002600606AR-BaBNM20251128203959.0145119s1990 #AR|||||||||||000 | esp|| a84-254-1706-6 cAR-BaBNM1 aTreml, Alfred K.10aIntroducción a la pedagogía general aBarcelonabHerderc1990 a244 p.bgráfs. aVersión castellana de Claudio Gancho aIndice de autores p. 233-235 aIndice analítico p. 237-244 aGlosario p. 221-223 aBibliografía p. 225-232 4aTEORIAS DE LA EDUCACION 4aPROCESO COGNOSCITIVO 4aPROCESO DE APRENDIZAJE 4aCAPACIDAD 4aESPECIE HUMANA 4aCAMBIO CULTURAL 4aCAMBIO SOCIAL 4aINDIVIDUO 4aSIGLO VEINTE 4aPOLITICA EDUCATIVA aPROBLEMAS EDUCATIVOS aORIENTACION EDUCATIVA